000 00312nam a2200109Ia 4500
008 200302s9999 xx 000 0 und d
100 _aCharanhit S. Shah and Other
245 _aArchitectural HandBooks Series Kitchens
260 _bC BC Publishers and Distributors Pvt., Ltd.,
260 _c2005
300 _a103 P.,
999 _c3848
_d3848